• 首页
  • 本馆介绍
  • 公告通知
  • 最新文献
  • 馆藏检索
  • 电子资源
  • 读者导购
  • 参考咨询
  • 我的图书馆
  • 登录
  • 详细信息显示
  • 放入我的书架
  • 预约/预借图书
  • 作者相关作品
  • 分类相关作品
  • 丛书相关作品
  • 出版社相关作品

书目信息

  • 表格格式
  • 工作单格式
  • 卡片格式
题名:
度规积分导论
    
 
作者: 徐际宏 编著
分册:  
出版信息: 北京   科学出版社  2011.06
页数: 120页
开本: 24cm
丛书名:
单 册:
中图分类: O172.2
科图分类:
主题词: 积分--高等学校--教材
电子资源:
ISBN: 978-7-03-030958-7
000 00965nam0 2200229 450
001 43
005 20161110170350.48
010    @a978-7-03-030958-7@dCNY25.00
100    @a20110711d2011 em y0chiy50 ea
101 0  @achi
102    @aCN@b110000
105    @ay z 000yy
200 1  @a度规积分导论@9du gui ji fen dao lun@f徐际宏编著
210    @a北京@c科学出版社@d2011.06
215    @a120页@d24cm
330    @a本书主要针对(一维)紧区间上的实函数阐述和讨论拓广大Riemann积分(即R*积分)的基本概念、基本理论和基本方法,紧密联系当前作为主流积分的Riemann积分理论和Lebsgue积分理论的相应内容进行对比分析,引导读者了解R*积分这一新型积分理论的基本内容和思想方法,同时加深对不同类型积分理论之间的联系和区别以及各自特点,对积分理念经的新发展的认识和理解。
333    @a高校相关专业师生
606 0  @a积分@x高等学校@j教材
690    @aO172.2@v4
701  0 @a徐际宏@9xu ji hong@4编著
801  0 @aCN@b大连网信软件有限公司图书馆·11@c20161110
905    @aZUCC@dO172.2@e121
    
    度规积分导论/徐际宏编著.-北京:科学出版社,2011.06
    120页;24cm
    使用对象:高校相关专业师生
    
    ISBN 978-7-03-030958-7:CNY25.00
    本书主要针对(一维)紧区间上的实函数阐述和讨论拓广大Riemann积分(即R*积分)的基本概念、基本理论和基本方法,紧密联系当前作为主流积分的Riemann积分理论和Lebsgue积分理论的相应内容进行对比分析,引导读者了解R*积分这一新型积分理论的基本内容和思想方法,同时加深对不同类型积分理论之间的联系和区别以及各自特点,对积分理念经的新发展的认识和理解。
●
相关链接 在E读中查询图书 在五车中查询图书 在当当中查询图书 在豆瓣中查询图书


正题名:度规积分导论     索取号:O172.2/121         预约/预借

序号 登录号 条形码 馆藏地/架位号 状态 备注
1 908272   209082721   第二样本阅览室/ [索取号:O172.2/121] 在馆    
2 908273   209082730   第三借阅区/ [索取号:O172.2/121] 在馆    
3 908274   209082749   第三借阅区/ [索取号:O172.2/121] 在馆    
4 908275   209082758   第三借阅区/ [索取号:O172.2/121] 在馆    
5 908276   209082767   第三借阅区/ [索取号:O172.2/121] 在馆    
唐山师范学院图书馆 欢迎您!
大连网信软件有限公司© 版权所有